000 00615nam a2200169Ia 4500
008 090711s9999 xx 000 0 und d
082 _b733
100 _aदेशपांडे स. ह.
245 _aभारताSाा राष्ट्रवाद
260 _bकॉन्टीनेन्टल प्रकाशन
_c2000
300 _a294
600 _aदेशपांडे स. ह.
630 _aभारताSाा राष्ट्रवाद
700 _aदेशपांडे स. ह.
730 _aभारताSाा राष्ट्रवाद
942 _cBOOK
999 _c337733
_d337733